000
00223nam a22000857a 4500
008
161125b xxu||||| |||| 00| 0 eng d
100
_9
1441
_a
McMohan
245
_a
Flap and tab bible
260
_a
New york
_b
Scholastic standard
_c
2004
999
_c
4165
_d
4165